ბათუმის შოთა რუსთაველის სახელმწიფო უნივერსიტეტის ბიბლიოთეკა

ბროწეულის სახლი : (ბიბ.ჩანაწერი № 56074)

000 -ლიდერი
ფიქსირებული სიგრძის საკონტროლო ველი 01256nam a2200277Ia 4500
001 - საკონტროლო ნომერი
საკონტროლო ველი 23174
003 - საკონტროლო ნომრის იდენტიფიკატორი
საკონტროლო ველი GE_BSU
005 - ბოლო ოპერაციის თარიღი და დრო
საკონტროლო ველი 20230720143307.0
008 - ფიქსირებული სიგრძის მონაცემთა ელემენტები - ზოგადი ინფორმაცია
ფიქსირებული სიგრძის საკონტროლო ველი 181216s1960||||ge |||||||||||||| ||geo||
040 ## - კატალოგიზაციის წყარო
Transcribing agency GE_BSU
041 ## - ენის კოდი
Language code of text/sound track or separate title geo
080 ## - უნივერსალური ათობითი კლასიფიკაციის ინდექსი
Universal Decimal Classification number 821.111-34 უ-13
100 ## - მთავარი ჩანაწერი - პიროვნების სახელი
Personal name უაილდი, ო.
9 (RLIN) 19470
245 ## - ცნობა სათაურის შესახებ
Title ბროწეულის სახლი :
Remainder of title ზღაპრები /
Statement of responsibility, etc ინგლ. თარგმ. და შენიშვნები ქეთევან კანდელაკისა და ნათელა ჩიგოგიძისა ; რედ. გ. გაჩეჩილაძე.
260 ## - გამოქვეყნების, გავრცელების, და სხვა. ცნობები
Place of publication, distribution, etc თბილისი
260 ## - გამოქვეყნების, გავრცელების, და სხვა. ცნობები
Name of publisher, distributor, etc საბჭ. მწერალი
260 ## - გამოქვეყნების, გავრცელების, და სხვა. ცნობები
Date of publication, distribution, etc 1960
300 ## - ფიზიკური აღწერა
Extent 270 გვ. :
Other physical details 1 ფ. პორტრ. ;
Dimensions 17 სმ.
653 ## - INDEX TERM--UNCONTROLLED
Uncontrolled term ბროწეულის სახლი
653 ## - INDEX TERM--UNCONTROLLED
Uncontrolled term ზღაპრები
700 ## - ADDED ENTRY--PERSONAL NAME
Personal name კანდელაკი, ქეთევან
Relator term მთარგმნელი
9 (RLIN) 19471
700 ## - ADDED ENTRY--PERSONAL NAME
Personal name ჩიგოგიძე, ნათელა
Relator term მთარგმნელი
9 (RLIN) 19472
700 ## - ADDED ENTRY--PERSONAL NAME
Personal name გაჩეჩილაძე, გ.
Relator term რედაქტორი
9 (RLIN) 397
942 ## - ADDED ENTRY ELEMENTS (KOHA)
Koha item type წიგნი
Source of classification or shelving scheme
ეგზემპლარები
ჩამოწერის სტატუსი დაკარგული ეგზემპლარის სტატუსი კლასიფიკაციის წყარო ან თაროზე გაწყობის სქემა დაზიანების სტატუსი არ გაიცემა მუდმივი მდებარეობა (დაცვის ადგილი) ამჟამინდელი ადგილსამყოფელი თაროზე განთავსების ადგილი შეძენის თარიღი ღირებულება, შესყიდვის ნორმალური ფასი სრული შენახვის შიფრი შტრიხკოდი ბოლო ოპერაციის თარიღი ეგზემპლარის მიმდევრობითი ნომერი (კეტერი?) ფასის ძალაში შესვლის თარიღი ეგზემპლარის სახეობა საჯარო შენიშვნა
          ბათუმის შოთა რუსთაველის სახელმწიფო უნივერსიტეტის მთავარი ბიბლიოთეკა ბათუმის შოთა რუსთაველის სახელმწიფო უნივერსიტეტის მთავარი ბიბლიოთეკა წიგნსაცავი 2018-12-17 11.50 821.111-34 უ-13 58609 2018-12-17 58609 2018-12-17 წიგნი 11.50 ₾.